Statistics for Countries with the Most Volcanoes

Click here to take the quiz!

General Stats

  • This quiz has been taken 1,053 times
    (1,047 since last reset)
  • The average score is 12 of 16

Answer Stats

Number of Volcanoes Country % Correct
65United States
98%
127Indonesia
96%
108Japan
94%
36Chile
90%
29Russia
88%
9Mexico
88%
21Canada
86%
16Peru
82%
7Argentina
81%
9Italy
79%
31Ecuador
72%
18Philippines
69%
63New Zealand
68%
35Iceland
68%
16Papua New Guinea
50%
7Ethiopia
23%

Score Distribution

Percentile by Number Answered

Percent of People with Each Score

Your Score History

You have not taken this quiz since the last reset